[Event "DVM U14 2011"]
[Site "Lingen (Ems) GER"]
[Date "2011.12.27"]
[Round "2"]
[White "Reimann, Sebastian"]
[Black "Oehne, Timo"]
[Result "0-1"]
[Termination "normal"]
[Board "1.2"]
[WhiteElo "1516"]
[BlackElo "1809"]
[WhiteTeam "SK 1908 Göggingen"]
[BlackTeam "SV Lingen 1959"]
[WhiteFideId "12928054"]
[BlackFideId "24661635"]
[EventCountry "GER"]
[EventRounds "7"]
[EventType "team-swiss"]
[EventDate "2011.12.26"]

1. e4 c6 2. d4 d5 3. Nc3 dxe4 4. Nxe4 Nd7 5. Nf3 Ndf6 6. Ng3 Bg4 7. c3 e6 8. h3
Bxf3 9. Qxf3 Qd5 10. Qxd5 cxd5 11. Bb5+ Kd8 12. O-O Bd6 13. Be3 Ne7 14. Bd3 Rc8
15. Rac1 a6 16. Bd2 Kd7 17. Bc2 Rc7 18. a3 Rhc8 19. Bd3 Nc6 20. Ne2 Na5 21.
Rcd1 b5 22. Bg5 Nc4 23. Bxc4 bxc4 24. Bc1 Rb7 25. Kh1 Rcb8 26. Ng1 Nh5 27. Ne2
Nf6 28. g3 Ne4 29. Kg2 Kc6 30. Ng1 Kb5 31. Nf3 Ka4 32. Nd2 Nf6 33. Nf3 Kb3 34.
Nd2+ Ka2 35. Nb1 Nd7 36. a4 Kb3 37. a5 Ka4 38. Rd2 Kxa5 39. Rc2 Ka4 40. Nd2 Kb5
41. b3 cxb3 42. Nxb3 a5 43. Be3 a4 44. Nd2 Nb6 45. Rb1+ Kc6 46. Rd1 a3 47. c4
Nxc4 48. Nxc4 dxc4 49. Rxc4+ Kd5 50. Rcc1 Ra8 51. Rc2 Rb2 52. Rcc1 a2 53. h4
Ke4 54. Re1 Kd3 0-1

[Event "DVM U14 2011"]
[Site "Lingen (Ems) GER"]
[Date "2011.12.27"]
[Round "2"]
[White "Bach, Jannik"]
[Black "Reimann, Matthias"]
[Result "1-0"]
[Termination "normal"]
[Board "1.3"]
[WhiteElo "1832"]
[BlackElo "1476"]
[WhiteTeam "SV Lingen 1959"]
[BlackTeam "SK 1908 Göggingen"]
[WhiteFideId "24615900"]
[BlackFideId "12928046"]
[EventCountry "GER"]
[EventRounds "7"]
[EventType "team-swiss"]
[EventDate "2011.12.26"]

1. e4 d6 2. d4 Nf6 3. Nc3 g6 4. Nf3 Bg7 5. h3 c6 6. Be3 O-O 7. a4 Qa5 8. Qd2
Nbd7 9. Be2 e5 10. dxe5 dxe5 11. O-O Qc7 12. a5 Nh5 13. Rfd1 Nf4 14. Bc4 Nf6
15. Bc5 Re8 16. Bd6 Qd8 17. Nxe5 Ne6 18. Bb3 Nd7 19. Nc4 Qg5 20. Qxg5 Nxg5 21.
f3 Ne6 22. Ne2 Ndc5 23. Kf2 Nxb3 24. cxb3 Ng5 25. Be5 Ne6 26. Bc3 h5 27. Nd4
Nxd4 28. Bxd4 Be6 29. Bxg7 Kxg7 30. Rd3 Red8 31. Rad1 Rxd3 32. Rxd3 Bxc4 33.
bxc4 Kf8 34. Rd7 Rb8 35. h4 Ke8 36. Rc7 b6 37. a6 b5 38. c5 Rd8 39. Ke3 Rd1 40.
Rxa7 Ra1 41. e5 Ra4 42. b4 Rxb4 43. Rb7 Rb3+ 44. Kf4 Ra3 45. a7 Ra4+ 46. Kg5 b4
47. Rb6 b3 48. Rb8+ Kd7 49. a8=Q Rxa8 50. Rxa8 b2 51. Rb8 1-0

[Event "DVM U14 2011"]
[Site "Lingen (Ems) GER"]
[Date "2011.12.27"]
[Round "2"]
[White "Artz, Tobias"]
[Black "Vonhoff, Nils"]
[Result "0-1"]
[Termination "normal"]
[Board "1.4"]
[WhiteElo "1388"]
[BlackElo "1787"]
[WhiteTeam "SK 1908 Göggingen"]
[BlackTeam "SV Lingen 1959"]
[WhiteFideId "12928127"]
[BlackFideId "24692301"]
[EventCountry "GER"]
[EventRounds "7"]
[EventType "team-swiss"]
[EventDate "2011.12.26"]

1. e4 c5 2. Nf3 Nc6 3. Bc4 e6 4. Nc3 Nf6 5. d4 cxd4 6. Nxd4 Bb4 7. Qd3 Ne5 8.
Qe2 Nxc4 9. e5 Nxe5 10. Qxe5 Bxc3+ 11. bxc3 d6 12. Qg3 Nh5 13. Qf3 Qa5 14. O-O
Nf6 15. Nc6 Qd5 16. Qxd5 Nxd5 17. Nb4 Nxc3 18. Bb2 Ne2+ 19. Kh1 Nf4 20. Rad1
Ke7 21. Rfe1 a5 22. Nd3 Nh5 23. g4 Nf6 24. g5 Nh5 25. Re3 Re8 26. Rh3 b5 27.
Rxh5 Bb7+ 0-1

[Event "DVM U14 2011"]
[Site "Lingen (Ems) GER"]
[Date "2011.12.27"]
[Round "2"]
[White "Schmücker, Felix"]
[Black "Kramer, Julian"]
[Result "0-1"]
[Termination "normal"]
[Board "2.1"]
[WhiteElo "2062"]
[BlackElo "2047"]
[WhiteTeam "BSG Grün-Weiß Leipzig"]
[BlackTeam "Hamburger SK von 1830"]
[WhiteFideId "12900273"]
[BlackFideId "12921742"]
[EventCountry "GER"]
[EventRounds "7"]
[EventType "team-swiss"]
[EventDate "2011.12.26"]

1. e4 c5 2. Nf3 d6 3. d4 cxd4 4. Nxd4 Nf6 5. Nc3 a6 6. Bg5 e6 7. f4 Qb6 8. Qd2
Qxb2 9. Rb1 Qa3 10. e5 h6 11. Bh4 dxe5 12. fxe5 Nfd7 13. Ne4 Qxa2 14. Rd1 Qd5
15. Qe3 Qxe5 16. Be2 Bc5 17. Bg3 Bxd4 18. Rxd4 Qa5+ 19. Rd2 O-O 20. Bd6 Rd8 21.
Qg3 Nc6 22. Bc7 Qa1+ 23. Rd1 Qb2 24. O-O Rf8 25. Bd6 Nd4 26. Bd3 Nf5 27. Qf3
Nxd6 28. Nxd6 Ne5 29. Qe4 Nxd3 30. Rxd3 Qxc2 31. Nxf7 Qc5+ 32. Kh1 Rxf7 33.
Rd8+ Rf8 34. Rdxf8+ Qxf8 35. Rxf8+ Kxf8 36. Qh7 a5 37. g4 a4 38. g5 hxg5 39.
Qh8+ Kf7 40. Qh5+ Kf6 41. Qf3+ Kg6 42. Qd3+ Kf7 43. Qd8 a3 44. Qxg5 Bd7 45.
Qf4+ Kg8 46. Qd6 a2 0-1

[Event "DVM U14 2011"]
[Site "Lingen (Ems) GER"]
[Date "2011.12.27"]
[Round "2"]
[White "Hinrichs, Lars"]
[Black "Richter, Leonard"]
[Result "0-1"]
[Termination "normal"]
[Board "2.2"]
[WhiteElo "1900"]
[BlackElo "1846"]
[WhiteTeam "Hamburger SK von 1830"]
[BlackTeam "BSG Grün-Weiß Leipzig"]
[WhiteFideId "12921769"]
[BlackFideId "12900290"]
[EventCountry "GER"]
[EventRounds "7"]
[EventType "team-swiss"]
[EventDate "2011.12.26"]

1. e4 c6 2. d4 d5 3. e5 Bf5 4. Nc3 e6 5. g4 Bg6 6. Nge2 c5 7. h4 f6 8. Nf4 Bf7
9. exf6 cxd4 10. Qxd4 Nxf6 11. Bb5+ Nc6 12. Nd3 Nd7 13. Bxc6 bxc6 14. Bf4 c5
15. Qa4 Be7 16. Ne5 Bf6 17. Nc6 Qb6 18. O-O O-O 19. g5 Rfc8 20. gxf6 Rxc6 21.
fxg7 e5 22. Bg5 h6 23. Bd2 Rg6+ 24. Kh2 Qf6 25. Be1 Nb6 26. Nxd5 Bxd5 27. Qa3
Qxh4+ 28. Qh3 Rg2+ 0-1

[Event "DVM U14 2011"]
[Site "Lingen (Ems) GER"]
[Date "2011.12.27"]
[Round "2"]
[White "Angrick, Philipp"]
[Black "Sander, Jean Louis"]
[Result "1-0"]
[Termination "normal"]
[Board "2.3"]
[WhiteElo "1821"]
[BlackElo "1816"]
[WhiteTeam "BSG Grün-Weiß Leipzig"]
[BlackTeam "Hamburger SK von 1830"]
[WhiteFideId "12912298"]
[BlackFideId "12903280"]
[EventCountry "GER"]
[EventRounds "7"]
[EventType "team-swiss"]
[EventDate "2011.12.26"]

1. e4 c5 2. c3 g6 3. d4 cxd4 4. cxd4 d5 5. exd5 Nf6 6. Nc3 Bg7 7. Nf3 O-O 8.
Bd3 Nxd5 9. O-O Nc6 10. Nxd5 Qxd5 11. Be3 Rd8 12. Rc1 Bg4 13. Bc4 Qd6 14. Bxf7+
Kxf7 15. Ng5+ Kg8 16. Qxg4 Nxd4 17. Rfd1 Qe5 18. Bxd4 Rxd4 19. Rxd4 Qxd4 20.
Qxd4 1-0

[Event "DVM U14 2011"]
[Site "Lingen (Ems) GER"]
[Date "2011.12.27"]
[Round "2"]
[White "Baberz, Alexander"]
[Black "Caprita, Victor"]
[Result "1-0"]
[Termination "normal"]
[Board "2.4"]
[WhiteElo "1765"]
[BlackElo "1389"]
[WhiteTeam "Hamburger SK von 1830"]
[BlackTeam "BSG Grün-Weiß Leipzig"]
[WhiteFideId "12921734"]
[BlackFideId "12946125"]
[EventCountry "GER"]
[EventRounds "7"]
[EventType "team-swiss"]
[EventDate "2011.12.26"]

1. d4 d5 2. Nf3 Nf6 3. c4 e6 4. Nc3 c6 5. Bg5 Nbd7 6. e3 Be7 7. Bd3 dxc4 8.
Bxc4 b5 9. Bd3 O-O 10. Qc2 Bb7 11. e4 h6 12. Bf4 Rc8 13. O-O a6 14. e5 Nd5 15.
Nxd5 cxd5 16. Qe2 f5 17. exf6 Nxf6 18. Rfe1 Qb6 19. Qe3 Rc6 20. Ne5 Rcc8 21.
Ng6 Rfe8 22. Qxe6+ Qxe6 23. Rxe6 Kf7 24. Rxe7+ Rxe7 25. Nxe7 Kxe7 26. Rc1 Kf7
27. Rxc8 Bxc8 28. f3 g5 29. Bd2 Bd7 30. Kf2 Kg7 31. Ke2 Kf7 32. Be3 Ke7 33. Kd2
Kd6 34. Bf2 h5 35. Bg3+ Ke6 36. Be5 Bc6 37. Bxf6 Kxf6 38. Kc3 a5 39. Kd2 Bd7
40. Ke3 h4 41. f4 g4 42. f5 Kg5 43. f6 Kxf6 44. Kf4 b4 45. Be2 g3 46. hxg3 hxg3
47. Kxg3 Be8 48. Kf4 Bg6 49. g4 Be4 50. Bf3 Bxf3 51. Kxf3 Kg5 52. Kg3 Kf6 53.
Kf4 a4 54. g5+ Ke6 55. g6 Kf6 56. g7 Kxg7 57. Ke5 Kf7 58. Kxd5 Ke7 59. Kc6 1-0

[Event "DVM U14 2011"]
[Site "Lingen (Ems) GER"]
[Date "2011.12.27"]
[Round "2"]
[White "Flüchter, Gregor"]
[Black "Greßmann, Moritz"]
[Result "1-0"]
[Termination "normal"]
[Board "3.1"]
[WhiteElo "1916"]
[BlackElo "1748"]
[WhiteTeam "SF Brackel 30"]
[BlackTeam "BSV 63 Chemie Weißensee"]
[WhiteFideId "12903396"]
[BlackFideId "24695084"]
[EventCountry "GER"]
[EventRounds "7"]
[EventType "team-swiss"]
[EventDate "2011.12.26"]

1. e4 e5 2. Nf3 Nc6 3. Bc4 Nf6 4. d3 Bc5 5. O-O d6 6. Nc3 Bg4 7. Bg5 Nd4 8. a4
Nxf3+ 9. gxf3 Bh3 10. Re1 h6 11. Be3 Bxe3 12. fxe3 Nd7 13. Qe2 Qg5+ 14. Kh1
O-O-O 15. a5 f5 16. Ra4 Rdf8 17. Rb4 f4 18. Nb5 Kb8 19. Bd5 Nc5 20. d4 Na6 21.
Rb3 c6 22. Nxd6 cxd5 23. exf4 Qg6 24. fxe5 dxe4 25. Rg1 exf3 26. Rxf3 Qe6 27.
Qe4 Qd7 28. Rxh3 Re8 29. Rb3 1-0

[Event "DVM U14 2011"]
[Site "Lingen (Ems) GER"]
[Date "2011.12.27"]
[Round "2"]
[White "Donath, Johann"]
[Black "Birnkraut, Tim"]
[Result "0-1"]
[Termination "normal"]
[Board "3.2"]
[WhiteElo "1871"]
[BlackElo "1729"]
[WhiteTeam "BSV 63 Chemie Weißensee"]
[BlackTeam "SF Brackel 30"]
[WhiteFideId "24685160"]
[BlackFideId "24609587"]
[EventCountry "GER"]
[EventRounds "7"]
[EventType "team-swiss"]
[EventDate "2011.12.26"]

1. d4 d5 2. Nf3 c6 3. c4 e6 4. Nc3 dxc4 5. g3 Nd7 6. Bg2 Ngf6 7. Qc2 Nb6 8. O-O
Be7 9. e4 O-O 10. Rd1 Qc7 11. h3 Re8 12. Be3 Bf8 13. Ng5 h6 14. Nf3 Qe7 15. g4
Nh7 16. a4 Nd7 17. e5 f6 18. Ne4 Qf7 19. Ng3 c5 20. Qxc4 cxd4 21. Bxd4 fxe5 22.
Nxe5 Nxe5 23. Bxe5 Nf6 24. Ne4 Nxe4 25. Bxe4 Be7 26. Qd3 Rf8 27. f4 Kh8 28. Rd2
Bd7 29. Bxb7 Rad8 30. Qg3 Bc5+ 31. Kh2 Bxa4 32. Rxd8 Rxd8 33. Bg2 Bb5 34. Qc3
Bb6 35. Qb3 a6 36. Rc1 Re8 37. f5 Qe7 38. fxe6 Qxe6 39. Qxe6 Rxe6 40. Rc8+ Re8
41. Rxe8+ Bxe8 42. Kg3 Kg8 43. Kf4 g5+ 44. Kf5 Kh7 45. Be4 Bg6+ 0-1

[Event "DVM U14 2011"]
[Site "Lingen (Ems) GER"]
[Date "2011.12.27"]
[Round "2"]
[White "Golosnyak, Alexander"]
[Black "Greßmann, Hanna"]
[Result "1-0"]
[Termination "normal"]
[Board "3.3"]
[WhiteElo "1781"]
[BlackElo "1327"]
[WhiteTeam "SF Brackel 30"]
[BlackTeam "BSV 63 Chemie Weißensee"]
[WhiteFideId "24659703"]
[BlackFideId "12930709"]
[EventCountry "GER"]
[EventRounds "7"]
[EventType "team-swiss"]
[EventDate "2011.12.26"]

1. e4 e5 2. Nf3 Nc6 3. Bb5 a6 4. Ba4 Nf6 5. d4 exd4 6. e5 Ne4 7. O-O Be7 8. Re1
Nc5 9. Bxc6 dxc6 10. Qxd4 O-O 11. Nc3 Qxd4 12. Nxd4 Rd8 13. Be3 Ne6 14. Nf5 Bb4
15. Rad1 Bd7 16. Rd2 Be8 17. Red1 Bxc3 18. bxc3 g6 19. Ng3 b6 20. Ne4 Rxd2 21.
Rxd2 h5 22. Nf6+ Kg7 23. f4 c5 24. f5 Nf8 25. fxg6 fxg6 26. g4 Rc8 27. gxh5
gxh5 28. Rg2+ Kf7 29. Bh6 Ne6 30. Nxh5 Ke7 31. Nf6 Bc6 32. Rd2 Rh8 33. Be3 Nd8
34. Bg5 Ke6 35. Re2 Nf7 36. Bf4 Rh4 37. Bg3 Rh6 38. h4 Rg6 39. Kh2 Rh6 40. Re3
Ng5 41. h5 Nf3+ 42. Kh3 Ng5+ 43. Kg4 Nf7 44. Bf4 Rh8 45. Rh3 Nxe5+ 46. Bxe5
Kxe5 47. Kg5 Ke6 48. Kg6 Ke5 49. Kg7 Rb8 50. h6 1-0

[Event "DVM U14 2011"]
[Site "Lingen (Ems) GER"]
[Date "2011.12.27"]
[Round "2"]
[White "Boehling, Richard"]
[Black "Trümper, Michael"]
[Result "0-1"]
[Termination "normal"]
[Board "3.4"]
[WhiteElo "1318"]
[BlackElo "1614"]
[WhiteTeam "BSV 63 Chemie Weißensee"]
[BlackTeam "SF Brackel 30"]
[WhiteFideId "12946176"]
[BlackFideId "12946095"]
[EventCountry "GER"]
[EventRounds "7"]
[EventType "team-swiss"]
[EventDate "2011.12.26"]

1. e4 d5 2. exd5 Qxd5 3. Nc3 Qa5 4. d4 Nf6 5. Bd2 c6 6. Nf3 Bf5 7. Bc4 e6 8.
O-O Qc7 9. Be3 Bd6 10. Bd3 Bg4 11. h3 Bh5 12. Be2 Nbd7 13. Qd2 h6 14. Rfe1
O-O-O 15. a3 g5 16. g4 Bxg4 17. hxg4 Nxg4 18. Ne4 Bh2+ 19. Kg2 f5 20. Ng3 Nxe3+
21. Qxe3 f4 22. Qxe6 fxg3 23. Nxh2 gxh2 24. Rh1 Rde8 25. Qg4 h5 26. Qf3 g4 27.
Qd3 Nb6 28. Rxh2 Nd5 29. Kg1 Rhf8 30. Bf1 Rf3 31. Qd2 Nf4 32. Bg2 Re2 33. Rxh5
Qg7 34. Qxe2 Nxe2+ 35. Kf1 Ng3+ 0-1

[Event "DVM U14 2011"]
[Site "Lingen (Ems) GER"]
[Date "2011.12.27"]
[Round "2"]
[White "Röhlich, Philipp"]
[Black "Peczely, Sebastian Zsombor"]
[Result "1/2-1/2"]
[Termination "normal"]
[Board "4.1"]
[WhiteElo "1734"]
[BlackElo "2031"]
[WhiteTeam "SG Trier"]
[BlackTeam "SG Leipzig"]
[WhiteFideId "24692832"]
[BlackFideId "750964"]
[EventCountry "GER"]
[EventRounds "7"]
[EventType "team-swiss"]
[EventDate "2011.12.26"]

1. e4 e5 2. Nf3 Nc6 3. Bb5 a6 4. Ba4 Nf6 5. O-O Be7 6. d4 b5 7. dxe5 Nxe4 8.
Bb3 O-O 9. Bf4 Nc5 10. Bd5 Rb8 11. Nd4 Nxd4 12. Qxd4 Ne6 13. Qe4 Nxf4 14. Qxf4
d6 15. Rd1 Bd7 16. c3 dxe5 17. Qxe5 Bd6 18. Qh5 Qf6 19. Nd2 g6 20. Qf3 Qe5 21.
g3 h5 22. Re1 Qg7 23. Ne4 Be5 24. Ng5 Bf6 25. Ne4 Be5 26. Ng5 Bd6 27. Qg2 b4
28. Qe4 bxc3 29. bxc3 Bf5 30. Qc4 Bd7 31. Rab1 Bb5 32. Qe4 Rbe8 33. Qf3 Be5 34.
c4 Bd7 35. h3 Bf5 36. Rb3 Qf6 37. h4 Re7 38. Rbe3 Kg7 39. Qe2 Bg4 40. Qd2 Rfe8
41. Nf3 Bxf3 42. Rxf3 1/2-1/2

[Event "DVM U14 2011"]
[Site "Lingen (Ems) GER"]
[Date "2011.12.27"]
[Round "2"]
[White "Kreyssig, Robert"]
[Black "Bauer, Lukas"]
[Result "1-0"]
[Termination "normal"]
[Board "4.2"]
[WhiteElo "1895"]
[BlackElo "1640"]
[WhiteTeam "SG Leipzig"]
[BlackTeam "SG Trier"]
[WhiteFideId "4662881"]
[BlackFideId "12907715"]
[EventCountry "GER"]
[EventRounds "7"]
[EventType "team-swiss"]
[EventDate "2011.12.26"]

1. d4 d5 2. c4 c6 3. Nc3 Nf6 4. cxd5 cxd5 5. Bf4 Nc6 6. e3 e6 7. Bd3 Bd6 8.
Bxd6 Qxd6 9. f4 Bd7 10. Nf3 Rc8 11. O-O O-O 12. Ne5 Ne8 13. Qh5 f5 14. Rac1 Nf6
15. Qe2 Qe7 16. a3 Ne4 17. Rc2 Nxc3 18. Rxc3 Nxe5 19. Rxc8 Rxc8 20. fxe5 Ba4
21. Kh1 Qg5 22. Qd2 a6 23. Rc1 Rxc1+ 24. Qxc1 Qe7 25. Qc8+ Be8 26. h3 g6 27.
Kh2 Kg7 28. b4 Qd7 29. Qb8 Qe7 30. Qa7 Qd7 31. a4 Qc8 32. Bxa6 Bxa4 33. Bxb7
Qd7 34. Qa5 Bb5 35. Ba6 Bc6 36. b5 Bxb5 37. Bxb5 Qe7 38. Qa6 Qg5 39. Qxe6 Qxe3
40. Qf6+ Kh6 41. Qh4+ Kg7 42. Bd7 f4 43. e6 1-0

[Event "DVM U14 2011"]
[Site "Lingen (Ems) GER"]
[Date "2011.12.27"]
[Round "2"]
[White "Kim, Yun-Ghi"]
[Black "Kreyssig, Bruno"]
[Result "0-1"]
[Termination "normal"]
[Board "4.3"]
[WhiteElo "1784"]
[BlackElo "1646"]
[WhiteTeam "SG Trier"]
[BlackTeam "SG Leipzig"]
[WhiteFideId "12925888"]
[BlackFideId "4692489"]
[EventCountry "GER"]
[EventRounds "7"]
[EventType "team-swiss"]
[EventDate "2011.12.26"]

1. d4 Nf6 2. c4 g6 3. g3 Bg7 4. Bg2 d6 5. Nf3 Nc6 6. O-O O-O 7. Nc3 Bg4 8. a3
a5 9. d5 Bxf3 10. exf3 Ne5 11. Qe2 c6 12. f4 Ned7 13. dxc6 bxc6 14. Bxc6 Rc8
15. Bg2 Nc5 16. Be3 Nb3 17. Rad1 Qc7 18. c5 Nxc5 19. Nb5 Qd7 20. Bxc5 Rxc5 21.
a4 Rfc8 22. Rfe1 Rc2 23. Qxe7 Qxe7 24. Rxe7 Rxb2 25. Nxd6 Rcc2 26. h3 Rxf2 27.
Bf1 Bf8 28. Ra7 Bxd6 29. Rxd6 Ne4 30. Rd3 Rb1 0-1

[Event "DVM U14 2011"]
[Site "Lingen (Ems) GER"]
[Date "2011.12.27"]
[Round "2"]
[White "Wildermuth, Tim"]
[Black "Bach, Marc-Andre"]
[Result "1/2-1/2"]
[Termination "normal"]
[Board "4.4"]
[WhiteElo "1358"]
[BlackElo "1714"]
[WhiteTeam "SG Leipzig"]
[BlackTeam "SG Trier"]
[WhiteFideId "12946109"]
[BlackFideId "1270773"]
[EventCountry "GER"]
[EventRounds "7"]
[EventType "team-swiss"]
[EventDate "2011.12.26"]

1. e4 e6 2. d4 d5 3. Nd2 Nf6 4. e5 Nfd7 5. Bd3 c5 6. c3 Nc6 7. Ne2 Qb6 8. Nf3
Be7 9. O-O cxd4 10. cxd4 f6 11. exf6 Bxf6 12. Bb1 Nf8 13. b3 Bd7 14. Bb2 O-O-O
15. Bd3 g5 16. Ne5 Bxe5 17. dxe5 h5 18. Rc1 Kb8 19. Qd2 g4 20. Qf4 Nh7 21. Qh6
Rdf8 22. Bxh7 Rf7 23. Qxh5 Rfxh7 24. Qxg4 Rxh2 25. Ng3 Qd8 26. Ba3 R8h7 27.
Bd6+ Ka8 28. Qf4 Rh8 29. b4 Qe8 30. a4 Qg6 31. b5 Qh7 32. f3 Na5 33. Kf2 Qh3
34. Rg1 Nc4 35. Qf7 Be8 36. Qc7 Bg6 37. Qg7 Qh6 38. Qxh6 R2xh6 39. Rh1 Rxh1 40.
Rxh1 Rxh1 41. Nxh1 b6 42. Bb4 Nxe5 43. Ke3 Kb7 44. Ng3 Kc7 45. Ne2 Kd7 46. f4
Nc4+ 47. Kf2 e5 48. fxe5 Nxe5 49. Bc3 Nc4 50. Nd4 Ne5 51. Ke3 Be4 52. g3 Kd6
53. Bb4+ Kd7 54. Bc3 Ke7 55. Nf5+ Ke6 56. Bxe5 Kxe5 57. Nd4 Kd6 58. Kd2 Kc5 59.
Kc3 Bg6 60. g4 Kd6 1/2-1/2

[Event "DVM U14 2011"]
[Site "Lingen (Ems) GER"]
[Date "2011.12.27"]
[Round "2"]
[White "Glatzel, Jonas"]
[Black "Petrashov, Alexander"]
[Result "1/2-1/2"]
[Termination "normal"]
[Board "5.1"]
[WhiteElo "1937"]
[BlackElo "1751"]
[WhiteTeam "SK Kspr. Iserlohn 1934"]
[BlackTeam "SW  Nürnberg Süd"]
[WhiteFideId "12937800"]
[BlackFideId "24662461"]
[EventCountry "GER"]
[EventRounds "7"]
[EventType "team-swiss"]
[EventDate "2011.12.26"]

1. e4 e5 2. Nf3 Nc6 3. d4 exd4 4. Nxd4 Qh4 5. Nc3 Bb4 6. Be2 Bxc3+ 7. bxc3 Qxe4
8. Nb5 Kd8 9. O-O a6 10. Nd4 Nxd4 11. cxd4 Nf6 12. Re1 Re8 13. Be3 d6 14. Bf3
Qg6 15. Rb1 Rb8 16. Qc1 d5 17. Bf4 Rxe1+ 18. Qxe1 Bf5 19. Qc3 Ne8 20. Bxd5 Be6
21. Rxb7 Rxb7 22. Bxb7 Qg4 23. g3 g5 24. Bf3 Qf5 25. Bd2 Bxa2 26. Qb2 Qxf3 27.
Bxg5+ f6 28. Qxa2 fxg5 29. Qxa6 Qd1+ 30. Kg2 Qxd4 31. Qa8+ Kd7 32. Qf3 Kd6 33.
Qf8+ Kd7 34. Qf7+ Kd8 35. Qxh7 Qd7 36. Qg6 Qe7 37. Kh3 Qf6 38. Qg8 Ke7 39. Kg4
Qxf2 40. Qh7+ Qf7 41. Qe4+ Kf6 42. Qf5+ Kg7 43. Kxg5 Qxf5+ 44. Kxf5 Kf7 45. h4
Nf6 46. g4 Nd5 47. Ke4 Ke6 48. g5 Ne7 49. h5 Ng8 50. Kd4 Kd6 51. Ke4 Ke6 52.
Kd4 Ne7 53. Ke4 Nf5 54. Kf4 Ne7 1/2-1/2

[Event "DVM U14 2011"]
[Site "Lingen (Ems) GER"]
[Date "2011.12.27"]
[Round "2"]
[White "Meulner, Fabian"]
[Black "Dröttboom, Tobias"]
[Result "1-0"]
[Termination "normal"]
[Board "5.2"]
[WhiteElo "1812"]
[BlackElo "1460"]
[WhiteTeam "SW  Nürnberg Süd"]
[BlackTeam "SK Kspr. Iserlohn 1934"]
[WhiteFideId "12913936"]
[BlackFideId "12946133"]
[EventCountry "GER"]
[EventRounds "7"]
[EventType "team-swiss"]
[EventDate "2011.12.26"]

1. Nf3 {[%emt 0:00:00]} Nf6 2. c4 e6 3. g3 d5 4. d4 Nc6 5. Bg2 Bd6 6. O-O O-O
7. b3 Ne7 8. c5 Bxc5 9. dxc5 e5 10. Nxe5 c6 11. Bb2 Bf5 12. Nd2 Ng6 13. Rc1
Nxe5 14. Bxe5 Re8 15. Ba1 Qe7 16. e3 Rad8 17. Nf3 Bg4 18. h3 Bf5 19. Qd4 Qe4
20. b4 Qxd4 21. Nxd4 Be4 22. a4 a6 23. b5 axb5 24. axb5 Bd3 25. Rfd1 Bxb5 26.
Nxb5 cxb5 27. Bxf6 gxf6 28. Rxd5 Rxd5 29. Bxd5 Re7 30. Rb1 Rd7 31. e4 Rc7 32.
Rxb5 Kf8 33. Bxb7 Ke7 34. Bd5 Kf8 35. Kg2 Kg7 36. c6 Kg6 37. Rb7 Rc8 38. Bxf7+
Kh6 39. Bd5 Kg6 40. c7 h6 41. Be6 Rxc7 42. Bf5+ Kh5 43. Rxc7 Kg5 44. Rg7+ Kh5
45. Bg4# 1-0

[Event "DVM U14 2011"]
[Site "Lingen (Ems) GER"]
[Date "2011.12.27"]
[Round "2"]
[White "von Bargen, Lukas"]
[Black "Krasotin, Valentin"]
[Result "1-0"]
[Termination "normal"]
[Board "5.3"]
[WhiteElo "1407"]
[BlackElo "1624"]
[WhiteTeam "SK Kspr. Iserlohn 1934"]
[BlackTeam "SW  Nürnberg Süd"]
[WhiteFideId "12946141"]
[BlackFideId "12913928"]
[EventCountry "GER"]
[EventRounds "7"]
[EventType "team-swiss"]
[EventDate "2011.12.26"]

1. d4 e6 2. Nf3 Nf6 3. Bf4 c5 4. c3 d5 5. e3 Be7 6. Nbd2 c4 7. Be2 O-O 8. O-O
Bd6 9. Ne5 Nfd7 10. Nxf7 Rxf7 11. Bxd6 Qb6 12. Ba3 Nf6 13. Qc2 Nc6 14. e4 Bd7
15. Rfe1 Nxd4 16. cxd4 Qxd4 17. Nf3 Qb6 18. Ne5 Nxe4 19. Bf3 Ba4 20. Qxa4 Nxf2
21. Kf1 Ne4 22. Rxe4 1-0

[Event "DVM U14 2011"]
[Site "Lingen (Ems) GER"]
[Date "2011.12.27"]
[Round "2"]
[White "Siegl, Adrian"]
[Black "Dannenberg, Thomas"]
[Result "0-1"]
[Termination "normal"]
[Board "5.4"]
[WhiteElo "1725"]
[BlackElo "1427"]
[WhiteTeam "SW  Nürnberg Süd"]
[BlackTeam "SK Kspr. Iserlohn 1934"]
[WhiteFideId "12930156"]
[EventCountry "GER"]
[EventRounds "7"]
[EventType "team-swiss"]
[EventDate "2011.12.26"]

1. e4 c6 2. d4 d5 3. e5 Bf5 4. Nf3 e6 5. Bd3 Bxd3 6. Qxd3 Nd7 7. Nbd2 Ne7 8.
Nb3 Nf5 9. O-O c5 10. Qb5 Qc7 11. dxc5 Bxc5 12. Nxc5 Qxc5 13. Qxb7 Rb8 14. Qa6
O-O 15. Qa4 Nb6 16. Qb3 Rfc8 17. c3 Nc4 18. Qc2 d4 19. b3 Nxe5 20. Nxe5 Qxe5
21. c4 d3 22. Bb2 Qd6 23. Qd2 Rd8 24. Rfe1 Rb7 25. Rad1 Rbd7 26. Be5 Qe7 27.
Bf4 f6 28. Qc3 e5 29. Qa5 Nd4 30. Rxd3 Ne2+ 31. Rxe2 Rxd3 32. h3 Qd6 33. Be3 e4
34. g3 Rd1+ 35. Kg2 Qd3 36. Qh5 Qb1 37. g4 Rg1+ 38. Kh2 Qf1 39. f3 Rh1+ 40. Kg3
Qxe2 41. Qf5 Qxe3 42. c5 Qxf3+ 43. Qxf3 exf3 44. Kxf3 Rc8 45. b4 Rb1 46. a3
Rb3+ 47. Ke4 Rxa3 48. Kd5 Rd3+ 49. Kc4 Rd1 50. Kb5 Rb8+ 51. Ka4 Ra1+ 52. Kb3
Rb1+ 53. Kc4 R1xb4+ 54. Kd5 R8b5 55. Kc6 a6 56. Kd6 Rc4 57. c6 Rb6 58. Kd5
Rbxc6 59. g5 fxg5 60. h4 gxh4 61. Ke5 h3 0-1

[Event "DVM U14 2011"]
[Site "Lingen (Ems) GER"]
[Date "2011.12.27"]
[Round "2"]
[White "Sabirov, Ramil"]
[Black "Rausch, Adrian"]
[Result "1/2-1/2"]
[Termination "normal"]
[Board "6.1"]
[WhiteElo "1720"]
[BlackElo "1706"]
[WhiteTeam "SG Porz"]
[BlackTeam "SV Backnang"]
[WhiteFideId "12900303"]
[BlackFideId "12929069"]
[EventCountry "GER"]
[EventRounds "7"]
[EventType "team-swiss"]
[EventDate "2011.12.26"]

1. e4 e5 2. Nf3 Nf6 3. Nxe5 d6 4. Nf3 Nxe4 5. Nc3 Nxc3 6. dxc3 Be7 7. Be3 O-O
8. Qd2 Be6 9. Bd3 Nd7 10. O-O-O Ne5 11. h4 Nxd3+ 12. Qxd3 h6 13. Rdg1 f5 14.
Bf4 a5 15. Re1 Bd7 16. Qc4+ Kh7 17. h5 b5 18. Qd3 b4 19. c4 a4 20. Nd4 Bf6 21.
Kb1 Bxd4 22. Qxd4 Bc6 23. c5 dxc5 24. Qxc5 Qd5 25. Qxd5 Bxd5 26. f3 b3 27. axb3
axb3 28. Re7 c6 29. Rhe1 Ra4 30. Be5 Rf7 31. Bg3 1/2-1/2

[Event "DVM U14 2011"]
[Site "Lingen (Ems) GER"]
[Date "2011.12.27"]
[Round "2"]
[White "Yang, Daniel"]
[Black "Maier, Lukas"]
[Result "1-0"]
[Termination "normal"]
[Board "6.3"]
[WhiteElo "1263"]
[BlackElo "1503"]
[WhiteTeam "SG Porz"]
[BlackTeam "SV Backnang"]
[WhiteFideId "12946273"]
[BlackFideId "12946184"]
[EventCountry "GER"]
[EventRounds "7"]
[EventType "team-swiss"]
[EventDate "2011.12.26"]

1. d4 d5 2. c4 c6 3. Nf3 Nf6 4. Nbd2 Bf5 5. g3 Nbd7 6. Bg2 e6 7. O-O Bb4 8. Qb3
Bxd2 9. Bxd2 Qc7 10. Bf4 Qc8 11. Nd2 O-O 12. Bd6 Re8 13. Rac1 Nb6 14. c5 Qd7
15. f3 Nc8 16. Be5 Ne7 17. Bd6 Red8 18. e4 dxe4 19. fxe4 Bg6 20. Rce1 Ne8 21.
e5 Nf5 22. Qc3 Rac8 23. Be4 b6 24. b4 Nc7 25. Nc4 Nd5 26. Bxd5 cxd5 27. Ne3 Ne7
28. a4 Qxa4 29. Bxe7 Rd7 30. Bd6 Qb5 31. Ra1 f6 32. exf6 Rxd6 33. Rxa7 Rd7 34.
Rxd7 Qxd7 35. Ng4 Qe8 36. Ne5 gxf6 37. Rxf6 Kg7 38. Rf2 Qa4 39. Nxg6 hxg6 40.
Rf1 Qc6 41. Qf3 Rc7 42. Qf6+ Kh7 43. Re1 bxc5 44. Rxe6 Qa4 45. Qxg6+ Kh8 46.
Re8+ Qxe8 47. Qxe8+ Kh7 48. bxc5 Ra7 49. Qh5+ Kg7 50. Qxd5 Ra1+ 51. Kg2 Rc1 52.
Qg5+ Kf7 53. Qxc1 1-0